000 00685nam a2200193 a 4500
020 _a9694073388 (pbk)
082 _a954
_bBAS
_cN-01, P-155
100 1 _aBasham, A. L.
_96724
245 1 _aThe Wonder That Was India :
_ba survey of the history and culture of the Indian sub-continent before the coming of the Muslims.
250 _a3rd. rev. ed.
260 _aKarachi :
_bRoyal Book Company,
_c1954.
300 _a572p. : 22cm.
526 _a0
_b0
_c0
_d954_000000000000000_BAS
650 0 _aIndia -- Civilization.
_946298
650 0 _aIndia -- History -- 324 B.C. -- 1000 A.D.
_946299
650 0 _aIndia -- History -- to 324 B.C.
_946300
650 0 _aMCE
_9379
942 _2ddc
_cBK
999 _c549664
_d549664